Zastavenie pri zastaveniach sa Slovesnej jari

Bibliographic Details
Main Authors: Bukovenová, Zuzana (Author), Válek, Igor, 1967- (Author)
Format: Article
Language:Slovak
PhysicalDescription:Fotogr.
ISSN:0862-8823
Subjects:

MARC

LEADER 00000nab a2200000 ar4500
001 vtls010100267
003 SK-MaSNL
005 20260304021431.0
008 100527c2010 xo sr|p|||||||000 b|slo
015 |a SNBRB2010/05  |2 snkbucl 
038 |a SNKBUCL 
040 |a SNKBUCL  |b slo  |c SNKBUCL  |e AACR2 
041 |a slo 
044 |a xo  |c SK 
080 |a 82:061.7  |x (437.6)  |2 2001 
100 1 |a Bukovenová, Zuzana  |4 aut  |9 335874 
245 1 0 |a Zastavenie pri zastaveniach sa Slovesnej jari  |c Zuzana Bukovenová, Igor Válek 
300 |b Fotogr. 
611 2 7 |a Slovesná jar  |n (44. :  |d 2010 :  |c Martin, Slovensko)  |2 snkbucl  |9 1299362 
700 1 |a Válek, Igor,  |d 1967-  |4 aut  |9 97609 
773 0 |t Slovenské národné noviny  |g Roč. 21 (25)  |x 0862-8823 
773 0 8 |i Príl.:  |t Orol Tatranský  |g Č. 5 (2010), s. IV 
852 |a SNK  |b KIS3GCP 
958 |a SK 
999 |c 2605921  |d 2607851